Postavenie právnickej osoby v daňových systémoch severských krajín EÚ diplomová práca

Gespeichert in:
Bibliographische Detailangaben
1. Verfasser: Džatko, Marcel
Körperschaft: Národohospodárska fakulta EU. Katedra financií
Weitere Verfasser: Kušnírová, Jana, 1977-
Format: Buch
Sprache:Slowakisch
Veröffentlicht: Bratislava 2018
Tags: Tag hinzufügen
Keine Tags, Fügen Sie das erste Tag hinzu!

MARC

LEADER 00000nbm a2200000 4500
001 0244333
005 20181114091528.0
041 0 |a slo 
044 |a SK 
245 1 0 |a Postavenie právnickej osoby v daňových systémoch severských krajín EÚ  |b diplomová práca  |c Marcel Džatko ; školiteľ: Jana Kušnírová 
264 1 |a Bratislava  |c 2018 
300 |a 63 s. 
100 1 |a Džatko, Marcel 
700 1 |a Kušnírová, Jana, 1977- 
710 2 |a Národohospodárska fakulta EU. Katedra financií